| 000 | 00481nam a2200181Ia 4500 | ||
|---|---|---|---|
| 008 | 180207s9999 xx 000 0 und d | ||
| 020 | _a9780322008980 | ||
| 050 | _bB783 1999 | ||
| 100 | _aBovetz, Marcie | ||
| 245 | _aMrs. Patches and her fudge / | ||
| 245 | _cby Marcie Bovetz ; illustrated byt Carol Herring. | ||
| 260 | _aChicago, Illinois : | ||
| 260 | _bWright Group, | ||
| 260 | _c1999 | ||
| 300 | _a16 pages : | ||
| 300 | _bcolor illustration ; | ||
| 300 | _c19cm. | ||
| 999 |
_c355760 _d355760 |
||